Игрок. Вечный муж: Роман, рассказ

Manylion Llyfryddiaeth
Prif Awdur: Достоевский Ф. М. Федор Михайлович
Awduron Eraill: Акбулатов Б. Р. (иллюстратор)
Iaith:Rwseg
Cyhoeddwyd: Петрозаводск, Карелия, 1980
Pynciau:
Fformat: Llyfr
KOHA link:https://koha.lib.tpu.ru/cgi-bin/koha/opac-detail.pl?biblionumber=134541

MARC

LEADER 00000nam0a2200000 4500
001 134541
005 20231101220509.0
020 |a RU  |b 80-71067 
035 |a (RuTPU)RU\TPU\book\145842 
090 |a 134541 
100 |a 20080401d1980 m y0rusy5003 ca 
101 0 |a rus 
102 |a RU 
105 |a a z 000ay 
200 1 |a Игрок. Вечный муж  |e Роман, рассказ  |f Ф. М. Достоевский  |g худож. Б. Р. Акбулатов 
210 |a Петрозаводск  |c Карелия  |d 1980 
215 |a 279 с.  |c ил.  |d 21 см. 
610 1 |a русская литература 
610 1 |a романы 
610 1 |a рассказы 
675 |a Р1  |z rus 
700 1 |a Достоевский  |b Ф. М.  |c русский писатель  |f 1821-1881  |g Федор Михайлович  |2 stltpush  |3 (RuTPU)RU\TPU\pers\1038  |9 461 
702 1 |a Акбулатов  |b Б. Р.  |4 440 
801 0 |a RU  |b RuMRKP  |c 19950704  |g psbo 
801 1 |a RU  |b 63413507  |c 20080401  |g PSBO 
801 2 |a RU  |b 63413507  |c 20080401  |g PSBO 
942 |c BK